000 00361nam a22001457a 4500
008 250414b ||||| |||| 00| 0 eng d
020 _a9788898433117
041 _aITALIAN
080 _22014
_a371LAT
082 _2371LAT
100 _a22
101 _aGJUHA ITALIANE
245 _aUNA GRAMMATICA ITALIANA PER TUTTI 2
_cLATINO ALESSANDRA
942 _2udc
_cBK
999 _c60638
_d60638